Freelancers (JK Studios) Quotes (Season 1) - Statistics

General Stats
  • This quiz has been taken 21 times
  • The average score is 12 of 20
Answer Stats
Said by Quote Answer % Correct
Joan (Natalie) Why have friends when you can have donuts filled with ____? Cash
100%
Ryan (Matt) They're cool, right? I rubbed the __________ off. Fingerprints
100%
Owen (Stephen) Does anyone have a carrier pigeon. Or know of an _____ that can smell hot blondes? Eagle
87%
Devin (Mal) I forgot my keys. And my wallet. These are not my _____. Pants
87%
Ryan (Matt) I won't let him out of my sight. ... He's gone and I have _____ you. Failed
80%
Miriam (Tori) I would like everyone but the ___-_____ to remove their curse. Man-child
80%
Joan (Natalie) I'm contractually _________ to slip donuts into my vernacular maple bar. Obligated
67%
Mr. Gandolfini (Jeff Blake) The saunas in Copenhagen can with stand far more ________. Pressure
67%
Ryan (Matt) Micah, I desperately need ice. And ____, but that's more to remind myself for my shopping list. Eggs
60%
Zona (Whitney) Why no _____ for Zona?! Match
53%
Devin (Mal) Heads will roll for this! Faces will be _____! Eaten
47%
Zona (Whitney) I did that with one hand. Guess you must think I'm pretty ___ now. Fly
47%
Ryan (Matt) Do you think this place is based off our actual nightmares? Is there a ______ that follows you into the bathroom and watches you use the bathroom? Roomba
47%
Zona (Whitney) Why?! Uogh!! Are we living in rural _______ circa 1886?! Sumatra
47%
Commercial voice Beef n' Stuff, where the _______ ain't worth looking into. Mystery
40%
Ryan (Matt) Sensei taught us how to focus and center our ______, and now we are machines of death. Cheese
33%
Ryan (Matt) ____ _______, it's very cold. Clam chowder
33%
Devin (Mal) Your thighs are strong, like feminine _______! Granite
33%
various Get _____ here, you! Outta
33%
Micah (Stacey) How do you break a _____? Sauna
33%
No matching quizzes found
Score Distribution
Percent of People with Each Score
Percentile by Number Answered
Your Score History
You have not taken this quiz